| 000 | 00375nam a2200157Ia 4500 | ||
|---|---|---|---|
| 005 | 20250429084506.0 | ||
| 008 | 240331s9999 xx 000 0 und d | ||
| 020 | _a9788189945299 | ||
| 082 |
_bVEL _a291 |
||
| 100 | _aVelusamy,B | ||
| 245 | 0 | _aKoovil nilam caati | |
| 260 |
_aNagercoil _bKalachuvadu Pathippagam _c2007 |
||
| 300 | _a135 p ., | ||
| 650 | _aEssays | ||
| 942 | _cL | ||
| 999 |
_c4713 _d4713 |
||